វេយ្យាករណ៍ខ្មែរសម្រាប់មធ្យមសិក្សា / (Record no. 3627)
[ view plain ]
| 000 -LEADER | |
|---|---|
| fixed length control field | 02015nam a22002297a 4500 |
| 001 - CONTROL NUMBER | |
| control field | 3627 |
| 003 - CONTROL NUMBER IDENTIFIER | |
| control field | FISKH |
| 005 - DATE AND TIME OF LATEST TRANSACTION | |
| control field | 20240329151321.0 |
| 008 - FIXED-LENGTH DATA ELEMENTS--GENERAL INFORMATION | |
| fixed length control field | 240329b cb ||||| |||| 00| 0 eng d |
| 040 ## - CATALOGING SOURCE | |
| Original cataloging agency | FISKH |
| Language of cataloging | khr |
| Transcribing agency | FISKH |
| Modifying agency | FISKH |
| 082 ## - DEWEY DECIMAL CLASSIFICATION NUMBER | |
| Classification number | 495.932 |
| 100 ## - MAIN ENTRY--PERSONAL NAME | |
| Personal name | Son, Nov |
| 245 ## - TITLE STATEMENT | |
| Title | វេយ្យាករណ៍ខ្មែរសម្រាប់មធ្យមសិក្សា / |
| 260 ## - PUBLICATION, DISTRIBUTION, ETC. | |
| Place of publication, distribution, etc. | ភ្នំពេញ : |
| Name of publisher, distributor, etc. | គ្រិះស្ថានបោះពុម្ពនិងចែកផ្សាយ, |
| Date of publication, distribution, etc. | 2013. |
| 300 ## - PHYSICAL DESCRIPTION | |
| Extent | 140 pages : |
| Dimensions | 21 cm |
| 520 ## - SUMMARY, ETC. | |
| Summary, etc. | សៀវភៅវេយ្យាករណ៍ថ្មីនេះ ភាគច្រើនដកស្រង់ចេញពីសៀវភៅភាសាខ្មែរមធ្យមសិក្សាដែលស្របតាមកម្មវិធីសិក្សាថ្មីរបស់ ក្រសួងអប់រំយុវជន និងកីឡាដោយមានបន្ថែមចំនុចខ្លះៗទៅលើនិយមន័យនិងការពន្យល់បញ្ញត្តិនានា ហើយទន្ទឹមនឹងនេះដែរ មានការបញញ្ចេញទស្សន: ផ្ទាល់ខ្លួនទៅលើចំនុចមួយចំនួនដែលអ្នករៀបរៀងយល់ថា នៅមានភាពមិនទាន់ច្បាស់លាស់ ឬភាពប្រទាំងប្រទឹសនៅឡើយ។ |
| 520 ## - SUMMARY, ETC. | |
| Summary, etc. | This new grammar textbook is mostly taken from the Khmer Secondary Textbook, which is in line with the new curriculum of the Ministry of Education, Youth and Sports, with some additions to the definitions and explanations of the rules, while at the same time expressing personal views. On some points, the editor feels that there is still uncertainty or ambiguity. |
| 650 ## - SUBJECT ADDED ENTRY--TOPICAL TERM | |
| Topical term or geographic name entry element | វេយ្យាករណ៍ |
| 650 ## - SUBJECT ADDED ENTRY--TOPICAL TERM | |
| Topical term or geographic name entry element | Grammar |
| 942 ## - ADDED ENTRY ELEMENTS (KOHA) | |
| Source of classification or shelving scheme | Dewey Decimal Classification |
| Koha item type | Khmer Books |
| Suppress in OPAC | No |
| Withdrawn status | Lost status | Source of classification or shelving scheme | Damaged status | Not for loan | Collection | Home library | Current library | Shelving location | Date acquired | Total Checkouts | Full call number | Barcode | Date last seen | Copy number | Price effective from | Koha item type |
|---|---|---|---|---|---|---|---|---|---|---|---|---|---|---|---|---|
| Dewey Decimal Classification | Reference | Footprints International School Library Network Toul Kork Campus | Footprints International School Library Network Toul Kork Campus | TK Old Khmer Books (Rear Hallway Shelf 3) | 03/29/2024 | SON 495.932 PZ7 | FISTK03529 | 03/29/2024 | 1 | 03/29/2024 | Khmer Books | |||||
| Dewey Decimal Classification | Reference | Footprints International School Library Network Toul Tom Poung Campus | Footprints International School Library Network Toul Tom Poung Campus | TTP Secondary Khmer Bookshelves | 08/13/2025 | SON 495.932 PZ7 | FIS02125 | 08/13/2025 | 2 | 08/13/2025 | Khmer Books |
